CONSTITUTIONAL LAW OF INDIA III (Record no. 1517)

MARC details
000 -LEADER
fixed length control field 00358nam a2200145Ia 4500
008 - FIXED-LENGTH DATA ELEMENTS--GENERAL INFORMATION
fixed length control field 240624s9999 xx 000 0 und d
041 ## - LANGUAGE CODE
Language code of text/sound track or separate title eng
082 ## - DEWEY DECIMAL CLASSIFICATION NUMBER
Classification number 342.54 SEE
100 ## - MAIN ENTRY--PERSONAL NAME
Personal name SEERVAI H M
245 ## - TITLE STATEMENT
Title CONSTITUTIONAL LAW OF INDIA III
250 ## - EDITION STATEMENT
Edition statement (4th ed.)
260 ## - PUBLICATION, DISTRIBUTION, ETC.
Date of publication, distribution, etc. 2004
Place of publication, distribution, etc. Delhi
Name of publisher, distributor, etc. Universal Law Publishing
300 ## - PHYSICAL DESCRIPTION
Extent xxvii, : 1032
365 ## - TRADE PRICE
Currency code RS
Holdings
Withdrawn status Lost status Damaged status Not for loan Home library Current library Shelving location Date acquired Source of acquisition Cost, normal purchase price Total Holds Full call number Barcode Date last seen Copy number Price effective from Koha item type
        IMTN IMTN Rack 14-B 12/08/2004 SLH 900.00 21767 342.54 SEE 1517 06/24/2024 1 06/24/2024 Books
Designed & Maintained by: LRC IMT Nagpur Contact: lrc@imtnag.ac.in© 2024. All Rights Reserved.